| 000 | 00523nam a22001817a 4500 | ||
|---|---|---|---|
| 005 | 20240108145547.0 | ||
| 008 | 190503b xxu||||| |||| 00| 0 eng d | ||
| 020 | _a978-93-87686-00-7 | ||
| 041 | _aeng | ||
| 082 |
_a612 _bDES-P |
||
| 100 |
_aDESHPANDE, DR, SHILPA A VYAWAHARE Dr. NIRAJ S , AMALE ,PRASHANDN AND OTHERS _98322 |
||
| 245 | _aA PRACTICAL BOOK OF HUMAN ANATOMY AND PHYSIOLOGY | ||
| 250 | _a3rd ed, 2019 | ||
| 260 |
_aPUNE _bNIRALI PRAKASHAN |
||
| 300 | _a80p, | ||
| 650 |
_aPHARMACY _xB.PHARMA |
||
| 942 | _cBK | ||
| 999 |
_c5847 _d5845 |
||